II República en Villacañas (Record no. 168722)

MARC details
000 -LEADER
campo de control de longitud fija 00689nam a22001935i 4500
001 - NÚMERO DE CONTROL
campo de control 168722
003 - IDENTIFICADOR DE NÚMERO DE CONTROL
campo de control ES-MaACL
005 - FECHA Y HORA DE LA ÚLTIMA TRANSACCIÓN
campo de control 20230906213853.0
008 - DATOS DE LONGITUD FIJA--INFORMACIÓN GENERAL
campo de control de longitud fija 080523s2007 sp |||| | spa d
020 ## - NÚMERO INTERNACIONAL ESTÁNDAR DEL LIBRO
Número Internacional Estándar del Libro 978-84-921328-4-3
080 ## - NÚMERO DE LA CLASIFICACIÓN DECIMAL UNIVERSAL
Número de la Clasificación Decimal Universal 94(460.285 Villacañas)"1931/39"
245 00 - MENCIÓN DEL TÍTULO
Título II República en Villacañas
Resto del título : 14 de abril de 1931- 27 de marzo de 1939 /
Mención de responsabilidad, etc. Ángel Zaragoza López ... [et al.].
260 ## - PUBLICACIÓN, DISTRIBUCIÓN, ETC.
Lugar de publicación, distribución, etc. Villacañas (Toledo) :
Nombre del editor, distribuidor, etc. Ayuntamiento de Villacañas,
Fecha de publicación, distribución, etc. 2007.
300 ## - DESCRIPCIÓN FÍSICA
Extensión 351 p. :
Otras características físicas il. ;
Dimensiones 24 cm.
504 ## - NOTA DE BIBLIOGRAFÍA, ETC.
Nota de bibliografía, etc. Bibliogr.
651 #4 - PUNTO DE ACCESO ADICIONAL DE MATERIA--NOMBRE GEOGRÁFICO
Nombre geográfico Villacañas-Historia-1931-1939.
9 (RLIN) 137808
700 1# - ENTRADA AGREGADA--NOMBRE PERSONAL
Nombre de persona Zaragoza López, Ángel.
9 (RLIN) 137807
852 4# - LOCALIZACIÓN
Ubicación ES-MaACL
Número de control de estantería L-29503
itemnumber R.143195
Holdings
Estatus retirado Estado de pérdida Estado de daño No para préstamo Biblioteca de origen Biblioteca actual Ubicación en estantería Fecha de adquisición Fuente de adquisición Total de préstamos Signatura topográfica completa Código de barras Visto por última vez Precio de reemplazo Tipo de ítem Koha
        Biblioteca del Ateneo de Madrid Biblioteca del Ateneo de Madrid Depósito 2 23/05/2008     L-29503 1177061 23/02/2023 23/02/2023 Libro impreso